Evangelism: (Record no. 10566)

000 -LEADER
fixed length control field 00773nam a2200217 a 4500
001 - CONTROL NUMBER
control field :::00008355$&:&@@
003 - CONTROL NUMBER IDENTIFIER
control field OkBaRHE
005 - DATE AND TIME OF LATEST TRANSACTION
control field 20100401161419.0
008 - FIXED-LENGTH DATA ELEMENTS--GENERAL INFORMATION
fixed length control field s1982 j 000 0 eng u
020 ## - INTERNATIONAL STANDARD BOOK NUMBER
International Standard Book Number 0310453119 (pbk.)
040 ## - CATALOGING SOURCE
Transcribing agency
100 1# - MAIN ENTRY--PERSONAL NAME
Personal name Conn, Harvie M.
245 10 - TITLE STATEMENT
Title Evangelism:
Remainder of title doing justice and preaching grace.
260 ## - PUBLICATION, DISTRIBUTION, ETC. (IMPRINT)
Place of publication, distribution, etc Grand Rapids, MI., :
Name of publisher, distributor, etc Zondervan Publishing House
Date of publication, distribution, etc 1982
300 ## - PHYSICAL DESCRIPTION
Extent 112 p. ;
Dimensions 21 cm.
650 ## - SUBJECT ADDED ENTRY--TOPICAL TERM
Topical term or geographic name as entry element Church and Social Problems
650 ## - SUBJECT ADDED ENTRY--TOPICAL TERM
Topical term or geographic name as entry element Evangelistic Work
942 ## - ADDED ENTRY ELEMENTS (KOHA)
Source of classification or shelving scheme
Koha item type Books
Copies
Copy number Date last seen Not for loan Lost status Full call number Barcode Permanent Location Shelving location Damaged status Price effective from Date acquired Withdrawn status Koha item type Source of classification or shelving scheme
12010-04-14  BV 3790 .C595 19828355RHEMA Bible Training CollegeGeneral Stacks 2010-04-142010-04-14 Books 
22010-04-14  BV 3790 .C595 198215828RHEMA Bible Training CollegeGeneral Stacks 2010-04-142010-04-14 Books